000 00710cam a22002533a 4500
001 28260
003 PGUSA
005 20140828083617.0
008 090306s2009||||xxu|||||s|||||000 p eng d
040 _aPGUSA
_beng
042 _adc
050 4 _aPR
100 1 _aHunt, Leigh,
_d1784-1859
245 1 0 _aCaptain Sword and Captain Pen :
_bA Poem
_h[electronic resource] /
_cLeigh Hunt
260 _bProject Gutenberg,
_c2009
506 _aPublic domain in the USA.
516 _aElectronic text
653 _aPeace -- Poetry
653 _aWar poetry, English
653 _aProtest poetry, English
830 0 _aProject Gutenberg
_v28260
856 4 0 _uhttp://www.gutenberg.org/ebooks/28260
942 _cEB
999 _c257515
_d257515